Fast and Furious Characters - Statistics

General Stats
  • This quiz has been taken 2,934 times
    2,613 since last reset
  • The average score is 8 of 14
Answer Stats
actor character % Correct
vin diesel Dominic Toretto
98%
paul walker Brian O'connor
94%
Michelle Rodriguez Letty Ortiz
85%
Jordana Brewster Mia Toretto
81%
Sung Kang Han Lue
74%
Tyrese Gibson Roman Pearce
72%
Ludacris Tej Parker
63%
Dwayne Johnson Luke Hobbs
60%
Jason Statham Deckard Shaw
45%
Gal Gadot Gisele Harabo
43%
Matt Schulze Vince
39%
Lucas Black Sean Boswell
30%
Chad Lindberg Jesse
23%
Noel Gugliem Hector
16%
No matching quizzes found
Score Distribution
Percent of People with Each Score
Percentile by Number Answered
Your Score History
You have not taken this quiz since the last reset